000 00659nam a2200241Ia 4500
005 20260430150032.0
008 008 250103s9999 xx 000 0 eng d
037 _aTheses
040 _aCRL
040 _beng
040 _ceng
041 _2eng
041 _aeng
084 _qCRL
100 _aYadav Pooja Au.; Bharti Sunanda Gu.
_91236257
245 0 _aLegal and ethical issues of surrogacy: A comparative study of Indian, United States of America and United Kingdom
260 _c2021
300 _a393p.
650 _aLaw
700 _aUniversity of Delhi. Faculty of Law. Department of Law
942 _cTH
999 _c1848784
_d1848784